100. yıla doğru CHP (Record no. 11806)

MARC details
000 -BAŞLIK
Sabit Uzunlukta Kontrol Alanı 00839na a2200277 4500
001 - KONTROL NUMARASI
Denetim Alanı 24457
003 - KONTROL NUMARASI IDENTIFIER
Denetim Alanı MIRAKIL
005 - SON İŞLEM TARİHİ VE ZAMANI
Denetim Alanı 20181226104234.0
008 - SABİT-BOY VERİ ELEMANLARI - GENEL BİLGİLER
Sabit Uzunlukta Kontrol Alanı 181114b tu 000 0
020 ## - ULUSLARARASI STANDART KİTAP NUMARASI
Uluslararası Standart Kitap Numarası 9786054979301
035 ## - SİSTEM KONTROL NUMARASI
Sistem Kontrol Numarası 13455
041 ## - DİL KODU
Metin / Ses Parça Veya Ayrı Başlığın Dil Kodu tur
082 ## - DEWEY ONLU SINIFLANDIRMA NUMARASI
Sınıflandırma Numarası 324.2172
Ürün Numarası Y99 2014
090 ## - SINIFLAMA NUMARASI
Sınıflama Numarası 324.2172 Y99 2014
245 ## - BAŞLIK TABLOSU
Başlık 100. yıla doğru CHP
Sorumluluk Tablosu, Vb yay. haz. Hakan Tanıttıran
246 ## - UNVAN FORM VARYING
Başlık Doğru / Kısa Başlığı Yüzüncü yıla doğru CHP
260 ## - YAYIN, DAĞITIM, VB
Yayın, Dağıtım, Vb Yeri İstanbul
Yayıncı, Dağıtıcı, Vs Adı Kalkedon Yayıncılık
Yayın, Dağıtım, Vb Tarihi 2014
300 ## - FİZİKSEL TANIM
Kapsam 131 s.
Boyutlar 21 sm.
490 ## - SERİSİ TABLOSU
Seri Beyanı Kalkedon Yayınları
Hacim / Ardışık Tanımı 293
610 ## - KONU KATMA GİRİŞ - TOPLANTI ADI
Giriş Elemanı Olarak Kurumsal Ad Veya Yargı Alanı Adı Cumhuriyet Halk Partisi (CHP)
Genel Alt Bölüm Tarih
Kronolojik Alt Bölüm Yıldönümleri
610 ## - KONU KATMA GİRİŞ - TOPLANTI ADI
Giriş Elemanı Olarak Kurumsal Ad Veya Yargı Alanı Adı Cumhuriyet Halk Partisi (CHP)
Genel Alt Bölüm Anma törenleri
650 ## - KONU KATMA GİRİŞ - TOPİKAL DÖNEM
Topikal Süreli Veya Coğrafi Ad Giriş Elemanı Sosyal demokrat partiler
Coğrafi Alt Bölümü Türkiye
942 ## - EKLENDİ GİRİŞ ELEMANLARI (KOHA)
Sınıflandırma Veya Raf Düzeni Kaynak Dewey Decimal Classification
Koha Öğesi Türü Books
040 ## - KATALOGLAMA KAYNAK
Orijinal Kataloglama Ajansı Milas
Kataloglama Dili tur
Metne Dönüştürmek Ajansı TR-AnCHP
999 ## - SİSTEM KONTROL NUMARALARI (KOHA)
Koha Biblionumber 11806
Koha Biblioitemnumber 11806
657 ## - INDEX SÜRE - İŞLEVİ
-- CHP yıldönümleri
Holdings
Kullanım Kısıtlamaları Kalıcı Konum Mevcut Konum Edinme Tarihi Toplam Check-Out'Lar Tam Çağrı Numarası Barkod Tarih Son Görülme İtibaren Geçerli Fiyatlar Sigara Kamu Notu Koha Öğesi Türü
  Parti Okulu Kütüphanesi Parti Okulu Kütüphanesi 11/14/2018   324.2172 Y99 2014 P00228 11/14/2018 11/14/2018 Ertuğrul Çepni Books